000 00570nam a2200193 u 4500
005 20250910063907.0
008 101006s2009 mx r 000 0 spa d
020 _a9786071700674
035 _aUPN01000178033
049 _aCG
050 4 _aHF5387
_bM8.3
100 1 _aMünch Galindo, Lourdes
_929564
245 1 0 _aEtica y valores /
_cLourdes Münch.
260 _aMéxico :
_bTrillas,
_cc2009.
300 _a332 p. :
_bil. +
_e1 CD-ROM ; 4 3/4 plg.
650 4 _aÉtica
_xEstudio y enseñanza
_912687
650 4 _aValores
_xEstudio y enseñanza
_9310
905 _aLibro
999 _c150136
_d150136